| 000 | 00523nam a2200169Ia 4500 | ||
|---|---|---|---|
| 003 | SGT | ||
| 020 | _a81881114006 | ||
| 082 |
_a621.381 _bKUL |
||
| 100 | _aKulkarni,M | ||
| 245 | _aMicrowave and radar engineering | ||
| 250 | _a3rd & 4th . . Ed. | ||
| 260 |
_bUmesh Publications _aN.Delhi _c2006 |
||
| 300 | _a610p. | ||
| 650 | _aELECTRONICS ENGINEERING | ||
| 653 | _aINTRODUCTION TO MICROWAVES,REVIEW OF ELECTROMAGNETICS,TRANSMISSION LINES,MICROWAVES TRANSMISSION LINES.MICROWAVE TUBES AND CIRCUITS, | ||
| 942 |
_2ddc _cBK |
||
| 999 |
_c5359 _d5359 |
||